| 000 | 00680nam a2200205Ia 4500 | ||
|---|---|---|---|
| 003 | GCL | ||
| 008 | 140319s9999 xx 000 0 ara d | ||
| 040 |
_aGCL / _cGCL |
||
| 082 | 0 | 4 |
_a001.539 _bم ا |
| 100 | 1 | _aمحمد على العوينى | |
| 245 | 1 | 0 |
_aالاعلام الدولى بين النظرية والتطبيق / _cمحمد على العوينى |
| 260 |
_a[S.N] : _bمكتبة الانجلوالمصرية ، _c1990 |
||
| 490 | _a | ||
| 650 | 0 | 4 | _aالاحوال السياسية |
| 650 | 0 | 4 | _aالسياسة الدولية |
| 650 | 0 | 4 | _aالاعلام |
| 650 | 0 | 4 | _aالاعلام الدولى |
| 650 | 0 | 4 | _aالدعاية الدولية |
| 942 |
_2ddc _cBK |
||
| 999 |
_c34080 _d34080 |
||